Guess the F1 Driver by Meme Picture - Statistics

General Stats
  • This quiz has been taken 196 times
  • The average score is 8 of 10
Answer Stats
Picture Answer % Correct
Max Verstappen
98%
Charles Leclerc
95%
Oscar Piastri
95%
George Russell
91%
Yuki Tsunoda
87%
Daniel Ricciardo
84%
Nico Hulkenberg
84%
Sergio Perez
75%
Daniel Ricciardo
64%
Lando Norris
45%
No matching quizzes found
Score Distribution
Percent of People with Each Score
Percentile by Number Answered
Your Score History
You have not taken this quiz